Buried cities and Bible countries /
محفوظ في:
المؤلف الرئيسي:
التنسيق: كتاب
اللغة: English
منشور في:
New York :
Thomas whittker,
1891.
الموضوعات:
الوسوم: إضافة وسم
لا توجد وسوم, كن أول من يضع وسما على هذه التسجيلة!
رقم الطلب: DS111 .S13 1891
| LEADER | 00737nam a2200229Ia 4500 | ||
|---|---|---|---|
| 003 | OSt | ||
| 005 | 20260505133031.0 | ||
| 008 | 211223s1891 nyuabe 000 0 eng d | ||
| 040 | |c ARCE Library | ||
| 050 | 4 | |a DS111 .S13 1891 | |
| 100 | 2 | |a ST. Clair, George, |d 1836-, |e author | |
| 245 | 1 | 0 | |a Buried cities and Bible countries / |c by George St. Clair. |b |
| 264 | 1 | |a New York : |b Thomas whittker, |c 1891. | |
| 300 | |a x, [11]-378 p. : |b ill., plans, maps ; |c 21 cm. | ||
| 504 | |a Authorities and sources at end of each chapter. | ||
| 630 | 0 | 0 | |a Bible |x Antiquities. |
| 630 | 0 | 0 | |a Bible |x Geography. |
| 651 | 0 | |a Palestine |x Description and travel. | |
| 651 | 0 | |a Jerusalem |x History. | |
| 901 | |a reviewed | ||
| 942 | |2 lcc |c BK | ||
| 999 | |c 41252 |d 41252 | ||
